| 000 | 00739nam a22001937a 4500 | ||
|---|---|---|---|
| 999 |
_c12461 _d12461 |
||
| 003 | AR-CdUCM | ||
| 008 | 190408b ||||| |||| 00| 0 spa d | ||
| 040 |
_aMUNICIPALIDAD PROVINCIAL DEL CUSCO _cBIBLIOTECA MUNICIPAL DEL CUSCO |
||
| 082 |
_a751.58 / _bK21 / 2005 |
||
| 100 |
_aRamos Carpio, Luis Carlos _96535 |
||
| 245 |
_aPucartambo : _bCuna de nuestra identidad cultural / |
||
| 260 |
_aCusco : _bAguilar, _c2005. |
||
| 300 |
_a229 paginas ; _bIlustraciones, _c21 cm. |
||
| 505 | _aContenido :Identidad y diversidad cultural --Turismo y revaloracion del patrimonio cultural --Valor pedagógico del patrimonio cultural ... | ||
| 650 |
_aCultura _9126 |
||
| 650 |
_aTradición _92713 |
||
| 942 |
_2ddc _cLIBROS |
||
| 945 |
_arjall _d2019-04-08 |
||